Statistics for Baltic Sea General Knowledge

Click here to take the quiz!

General Stats

  • This quiz has been taken 363 times
  • The average score is 14 of 22

Answer Stats

QuestionAnswer% Correct
What is the most populous Russian city on the Baltic Sea?Saint Petersburg
93%
What two cities get connected to each other through the above?Copenhagen
93%
What is the most populous capital city that oversees the Baltic Sea?Stockholm
90%
What capital city is located on the opposite side of Helsinki?Tallinn
89%
What two cities get connected to each other through the above?Malmö
86%
What gulf does the city above overlook?Gulf of {Finland}
86%
What major gulf is named after one of the capital cities that overlook the Baltic Sea?Gulf of {Riga}
80%
What is the name of the Russian enclave that borders Lithuania and Poland?Kaliningrad
77%
To what country does the island of Saaremaa belong?Estonia
73%
What major peninsula does the sea border to its west?Scandinavia
68%
What was the name of the former German free city that today is known as Gdańsk?Danzig
68%
What gulf borders Finland and Sweden?Gulf of {Bothnia}
59%
What is the most populous Danish island?Zealand
58%
What river that empties into the Baltic Sea, is Poland's longest one?Vistula
48%
What island chain speaks Swedish but belongs to Finland?{Åland} Islands
48%
What bridge connects Sweden with Denmark?Öresund Bridge
46%
Located in the Baltic Sea, what is Sweden's largest islands?Gotland
44%
What German canal, completed in 1895, connects the Baltic Sea to the North Sea?{Kiel} Canal
43%
What river makes most of the German-Polish border?Oder
43%
What German state is the above located in and borders Denmark to the north?Schleswig-Holstein
42%
What Swedish island meaning "Island-land" is country's second largest one?Öland
24%
What major lake is located in the western side of above?Mälaren
12%

Score Distribution

Percentile by Number Answered

Percent of People with Each Score

Your Score History

You have not taken this quiz